000 00249nam a22001097a 4500
008 170112b xxu||||| |||| 00| 0 eng d
020 _a9780803618947
041 _aeng
080 _25TH
_a618.2
245 _aTEST SUCCESS
_cNUGENT, P/M
942 _2udc
_cBK
999 _c2782
_d2782